000 00375 a2200169 4500
001 70471
020 _a8534919585
040 _cAnchieta - Itaigara
100 _aAmaral, Maria LĂșcia
240 1 0 _aAlfredo e os peixes
_lpor
245 1 0 _aAlfredo e os peixes
300 _a15
362 0 _a2002
440 1 _aPaulus
650 4 _aLiteratura infanto-juvenil
942 _cBK
999 _c70471
_d70471